000 01316cam a22003011 4500
001 l 33000163
003 DLC
005 20260227111534.0
008 820626s1933 xx a 000 0 eng
010 _al 33000163
035 _a(OCoLC)14735459
040 _aDLC
_cDNLM
_dNhD
_dOCoLC
_dDLC
050 0 0 _aHD6250.U3
_bA4 1933
060 0 _aW1
_bUN6181 no.197 1933
110 1 _aUnited States.
_bChildren's Bureau.
245 1 0 _aChild labor: facts and figures ...
260 _aWashington,
_bU.S. Govt. print. off.,
_c1933.
300 _avi, 85 p.
_bill.
490 1 _aUnited States. Children's bureau. Publication
_vno. 197. Revised October 1933
500 _aAt head of title: United States Dept. of labor. Frances Perkins, secretary. Children's bureau. Grace Abbott, chief.
500 _a"The report was written by Jean A. Flexner, assisted by Ella Arvilla Merritt, under the general supervision of Clara M. Beyer. The legal analyses were prepared by Lucy Manning." - Letter of transmittal.
504 _a"Reading references": p. 34-35, 75-76.
650 0 _aChild labor
_zUnited States.
650 0 _aChildren
_xLegal status, laws, etc.
_zUnited States.
700 1 _aFlexner, Jean Atherton.
700 1 _aManning, Lucy.
810 1 _aUnited States.
_bChildren's Bureau.
_tPublication ;
_vno. 197.
999 _c36119
_d36119